Medzinárodné finančné centrá

Salvato in:
Dettagli Bibliografici
Autore principale: Kotlebová, Jana, 1969-
Natura: Libro
Lingua:slovacco
Pubblicazione: Bratislava IURA EDITION 2004
Serie:Ekonómia
Soggetti:
Tags: Aggiungi Tag
Nessun Tag, puoi essere il primo ad aggiungerne!!

MARC

LEADER 00000nam$a2200000$$$4500
001 0005258
005 20240502071349.0
020 |a 80-89047-83-1 
041 0 |a slo 
044 |a SK 
245 1 0 |a Medzinárodné finančné centrá  |c Jana Kotlebová 
264 1 |a Bratislava  |b IURA EDITION  |c 2004 
300 |a 291 s. 
490 1 |a Ekonómia 
830 0 |a Ekonómia 
610 2 0 |a financie medzinárodné 
610 2 0 |a banky medzinárodné 
610 2 0 |a bankovníctvo 
610 2 0 |a únie menové 
610 2 0 |a integrácia menová 
610 2 0 |a Medzinárodný menový fond 
610 2 0 |a integrácia ekonomická 
610 2 0 |a Európa 
610 2 0 |a Afrika 
610 2 0 |a Latinská Amerika 
610 2 0 |a Ázia 
610 2 0 |a kríza finančná 
610 2 0 |a vzťahy peňažné medzinárodné 
100 1 |a Kotlebová, Jana, 1969-